The Ultimate AP Brainrot Exam! - Statistics

General Stats
  • This quiz has been taken 304 times
    10 since last reset
  • The average score is 48 of 268
Answer Stats
Hint Answer % Correct
_____ or _____? Whoever moves first is gay English or Spanish?
89%
Another word for charisma Rizz
89%
The 3D web series about singing toilets Skibidi Toilet
89%
One's essence; It can be positive or negative depending on your actions Aura
78%
This grade should always be aimed for by aspiring inventors F
78%
_____ Mulan FA
78%
The friend of the above, of Dominican descent Fanum
78%
The signature move of the above, involves snatching someone's food Fanum Tax
78%
This haircut became a MASSIVE meme dragged on by the Fortnite Twitch streamer, Ninja Low Taper Fade
78%
The U.S. state known for bizarre occurences Ohio
78%
An independent and charismatic male Sigma
78%
A large pair of buttocks Gyatt
67%
An American Twitch streamer who is short and sucks at Elden Ring Kai Cenat
67%
The GOAT who is my only sunshine Lebron James
67%
A Youtuber who founded the drink "Prime" with the above; Years ago, he was involved in a scandal for his actions in Japan Logan Paul
67%
The yellow henchmen of Gru; They despise the above Minions
67%
The term for dominating your opponent in general height and looks Mogging
67%
A Youtuber and philanthropist who is incredibly rich and released a brand of chocolate bars known as "Feastables" MrBeast
67%
A dangerous neighborhood in Chicago; Chief Keef is from here O-Block
67%
The term for someone who constantly takes part in the above Gooner
56%
This purple drink will bring upon your downfall Grimace Shake
56%
The signature catchphrase of Hailey Welch Hawk Tuah
56%
The operation that the blue Grinch was planning to endure tommorrow Knee Surgery
56%
A British-Nigerian Youtuber, boxer, and rapper who released a song called "Thick of It" and was subsequently ridiculed for days KSI
56%
A form of the above; Involves keeping your tongue at the roof of your mouth and swallowing excess salivia Mewing
56%
A calm dog who wears a gray sweater and low-key doesn't give a damn My New Character/Chill Guy
56%
A term for enemy, often used in the hood Opp
56%
This gathering took place on May 18th, 2023, and the song "Carnival" was played at it TikTok Rizz Party
56%
This infamous phrase is often shouted at basketball games by kids with ice-cream hair 67
44%
This bearded Twitch streamer bans anyone who points out his obesity Caseoh
44%
This phrase was also said by him in the arena Chicken Jockey
44%
A Canadian rapper who is known for zesty nature and has sometimes been described as one of the above Drake
44%
The act of continuously...uhhh....simulating one's reproductive system Edging
44%
Travis Scott's famous song FEIN
44%
The term for excessively complimenting someone Glazing/Meatriding
44%
The well-dressed dude in charge of the above Group Leader/Blue Tie Kid
44%
An orange-haired rapper, known for her song "Munch" Ice Spice
44%
This method can enlarge your...uhh...male reproductive organ Jelqing
44%
A pig-man who is constantly calling people; Also has a tendency to crash out in Fortnite John Pork
44%
This deceased rapper from the place above was a certified menace to society King Von
44%
This college gymnast was rizzed up by the former Livvy Dunne
44%
The term for increasing your attractiveness through facial improvement Looksmaxxing
44%
This snack is a successor to Lunchables, and is packed full of drippy cheese, electrolytes, and mold Lunchly
44%
This tropical fruit is beloved by the above Mango
44%
This is the catchphrase of a red larvae from a 3D animated kids show Oi oi oi
44%
This form of music is often accompanied by soccer edits Phonk
44%
This water does not move! Still Water
44%
This child has collaborated with the above, and is famous for his charisma The Rizzler
44%
This phrase is used to describe older people Unc
44%
A term for speaking endlessly Yapping
44%
This former kickboxer is an associate of the above; He famously said, "What color's your Bugatti?" Andrew Tate
33%
This youth football player is known for his charisma Baby Gronk
33%
Also known as the "big cheese", a shortened form of this vehicle is used by Jayden to commute to and from his place of education Bus
33%
This American influencer was brutally framemogged by an ASU frat leader in one of the most tragic events of this century Clavicular
33%
This Italian-American father-and-son duo is known to bring the boom Costco Guys (A.J. and Big Justice)
33%
This veteran is known for his impeccable rizz Duke Dennis
33%
Doing the above might turn you into a _____ Gigachad
33%
This Youtuber was in the hills engaging in zesty behavior Joe Bartolozzi
33%
Another rapper who released a diss track on the above Kendrick Lamar
33%
This man has constructed many houses with just galvanized square steel and eco-friendly wood veneers Little John
33%
Where did you find the _____ for Nintendo Switch? NES
33%
The term for a newcomer Newgen
33%
The term for someone who possesses it Rizzler
33%
This bespectacled streamer's catchphrase is "What's up Brother" Sketch
33%
TS = This Shit
33%
The ruthless killer of the above Tim Cheese
33%
This liquid was commonplace at the above Baby Oil
22%
This term refers to promiscuous women Bop
22%
This is what Big Boy screamed out when Jaden Smith complained about his peers BROOOO
22%
Did he just say his last name is _____?! Burger
22%
This term refers to females who are not pretty Chuzz
22%
This word means that you're done for Cooked
22%
This character from the same franchise wanted ice cream David
22%
This dry-cured meat can be expected to never run out when one dines at the residence of an Italian aunt Gabagool
22%
That's why he's the _____! GOAT
22%
This term refers to females Huzz
22%
This phrase was said by a blue-shirted man in the Minecraft Movie I am Steve
22%
This Youtuber and TikToker explains videos and slideshows; He HATES oiled up hot tub streams IDK Sterling
22%
The phrase that was shouted by Player 456 in Squid Game Season 2 I've Played These Games Before
22%
I just hit the _____ Jackpot
22%
The kind of speaker you should blast Fetty Wap songs on JBL
22%
I was looking for a _____ and I found a _____ Job
22%
This parody of Batman's nemesis says, "Why so serious?" Jonkler
22%
This phrase is often used to demean younger people Lil Bro
22%
This handsome streamer disappeared online without a trace for 7 days, only to reappear and brag about "fooling the internet" Marlon
22%
This FNAF 4 villain will chastise all acts of wrongdoing in great detail Nightmare
22%
This obese, childish Youtuber lost all his weight in 2 years and revealed it was all a social experiment Nikocado Avocado
22%
PMO = Pissing Me Off
22%
This is what AI bears do at 1 in the morning Pop Out
22%
This phrase was said by a blonde-haired woman to her wailing baby in a Korean comic Queen Never Cry
22%
This Youtuber created the band "Your Favorite Martian" Ray William Johnson
22%
This Iberian athlete has been known to consume chocolate milk from a wine glass Ronaldo
22%
I'm running all over the place, blue in the face, looking like _____ Sonic
22%
He made a statement so _____ his gang clowned him Trash
22%
This Anatolian fellow also happened to attend the event Turkish Quandale Dingle
22%
The name of the song all three of the above are known to sing When the Saints Go Marching In
22%
The deceased rapper who allegedly didn't know what a father was XXXTentacion
22%
This tune is associated with a half-alien superhero being heavily edited into bizarre creatures in a wild setting And We Run
11%
This execution-themed song originally associated with the Hunger Games was memed into obilvion Are you, are you, coming to the tree
11%
This term describes a Southeast European's anger Balkan Rage
11%
This tongue-in-cheek phrase has been used to describe the current, controversial Prime Minister of a certain Middle Eastern nation Big Yahu
11%
This fellow is feared by dogs everywhere! Bill Collector
11%
This term refers to males Bruzz
11%
This State Trooper hasn't activated his bodycam since the Vietnam War Cassius Thundercock
11%
Th-Thank You..._____ Chainsaw Man
11%
This American political commentator's face was photoshopped onto all kinds of reaction images after his demise Charlie Kirk
11%
This fellow boasting a receding jawline can be spotted at WNBA games Chopped Chin
11%
This phrase is what a bald deputy possessing long-proboscis has been known to scream at the top of his lungs City Boy
11%
A question on the consumption of this food was asked by an inmate in a fictional 20th-century Mississippi prison Cornbread
11%
This steroid molecule is associated with stress and can be mitigated with a certain dance Cortisol
11%
This man is the most relentless villain who ever walked the Earth Danny Slicer
11%
The term for a decadent gathering hosted by a nefarious record producer Diddy Party
11%
This is possessed by former president Barack Obama Dih
11%
The King of Ohio; He is Dominican and sings while eating food Don Pollo
11%
This comedian loves to dance—especially in the background of people boasting of their unemployment and degeneracy Druski
11%
This character from the FNAF franchise made the Mimic Edwin
11%
What is this diddyblud doing on the calculator? Does he think he is _____? Einstein/Epstein
11%
This musical master, often called a king, who died a rather embarrassing death has been known to use the phrase "Hound Dog" Elvis Presley
11%
The phrase used to describe photoshop edits of a dude with dreadlocks colored...blue?! Eye of Horus
11%
This yellow and porous fellow often gives out AP Brainrot Exams such as this one Freak Bob
11%
This chicken nugget can be found singing and wearing a cowboy hat Gegagedigedagedago
11%
This sport is extremely rewarding, but also extremely dangerous Gloving
11%
While in prison, this American rapper and notorious criminal enjoys _____ Good noodles every day
11%
This term refers to the aftermath of Nautica Malone being caught with his pants down at a drive-through Goonicide
11%
This pathetic excuse of an event tried (and failed) to bring back dead memes and defeat brainrot at the start of the new year Great Meme Reset
11%
This forced meme was included in the above Green Bean Whatchu Mean
11%
POV: 2K Sunsets _____ Healed You
11%
Where you going _____ Hemmy
11%
The name of the school/pyramid scheme for sigma males that he founded Hustler's University
11%
_____ and what they do for you, is that they give you the property... I Bought a Property in Egypt
11%
Finish the lyrics: I'm sipping on promethazine. _____ I Can't Put Down the Cup
11%
Brainrot from this country often involves AI-generated hybrids between animals and inanimate objects Italy
11%
This insular country bordering the Pacific turns human locomotion into electrical energy Japan
11%
This vice president's face was photoshopped all over the Internet JD Vance
11%
This culinary location only serves what its customers deserve Karma
11%
The term for someone who does not possess it L Rizz
11%
The event that happened to the first of the figures mentioned above Mass Unfollowing
11%
Clock strikes 12, _____ arrives Midnight
11%
What is the go-to phrase relating to the above MUSTARD
11%
Nice catch cheer. _____ Not My Name Quarterback
11%
A fictional psychopathic serial killer idolized by young children Patrick Bateman
11%
A 2004 US Presidential candidate once won three of these in mid-century combat Purple Heart
11%
A hooligan with an elongated nose famed for his misadventures Quandale Dingle
11%
The name of this great thinker of old has recently been besmirched thanks to him being depicted ragebaited time-travelling skeletons Socrates
11%
This 2010s song was infamously butchered during a Lithuanian music competition Sorry
11%
This fellow loves plant-based milk and Nintendo while making wide faces Soyjak
11%
The release of the second episode of the animated depiction of a major story arc in a rather muscular manga was infamously delayed by Netflix Steel Ball Run
11%
This term is similar to the above, but mostly refers to males Sub 5
11%
This term, meaning 'dubious', can be heard on spaceships Sus
11%
This is what Gurt says when you greet him SYBAU
11%
An ironic shortening of the animated show in which the basis for the two above answers stars The Bob
11%
A man told by police to put his phone down said this in response This Is For My Safety
11%
This fictional reporter has been known to saunter at a sluggish pace to slowed down Noah Oliver Smith Tom Tucker
11%
This increasingly popular phrase is a declaration of complete honesty in the name of an Abrahamic deity Wallahi
11%
Raise your _____ Yayaya
11%
If you are four years old, you might just be the _____ Youngest Person Ever
11%
This entity was created when the basis of the above split himself up in order to more effectively wash dishes Тотя
0%
In a parody of earlier trends, this hooded fellow repeats this number repeatedly while performing strange hand motions 61
0%
The number used in association with the above 808
0%
This bearded, bewildered man donning spectacles reacts with a mixture of terror and awe when witnessing strawberries of the mashed variety Adam Rose
0%
This fellow who explained his group of peers in a bizarre manner Adrian
0%
This form of media often parodies clips like the above scene African AI
0%
This subterranean winter wonderland is where figures such as Yakub and the White Pharoah are domiciled Agartha
0%
This laughing little one starts phrases with "Say you swear" AI Baby
0%
A phrase somewhat similar to the above, made in the absence of human hands AI Slop
0%
This supermarket was where Kanye used to shop at Aldi
0%
This type of lifeform did the above Alien
0%
This is what you should say if nobody laughs at your jokes Am I Muted?
0%
This nonsensical word was used by a young child holding sweet treats to refer to himself Anderdingus
0%
A pet often interrupted by bizarre events while having his favorite fruit Apple Dog
0%
This is what Omni Man said to his son after he claimed to get his powers Are you sure?
0%
This American fitness coach is known for his immaculate routine Ashton Hall
0%
This is what an Indonesian kid leading his boat during a race was doing Aura Farming
0%
I like to cuss like I was raised in a _____ Barn
0%
This Filipino-British singer became enraged after videos claiming she could not sing at all compared to the above surfaced Beabadoobee
0%
Being a _____ means that you are very fat Big Back
0%
This award-winning masterpiece of video gaming centers on avians battling for the skies Bird Game 3
0%
A semi-fictional character from One Piece known for his beautiful writing Blackbeard
0%
This hard-working sea creature stopped the above-mentioned Blue Collar Bob
0%
Just kidding: This scene from a 2023 animated movie ensured it would continue Chicken Stars
0%
This is what the boarding passes would be if kids ran the airport Chocolate Bars
0%
This TikToker should never be mentioned around your girlfriend Cooking With Kya
0%
This starch-inspired term can be used to describe those behind on the latest brainrot Cornball
0%
The term for becoming extremely angry over something trivial Crashout
0%
This is a world-famous barnyard battle royale game Crazy Cattle 3D
0%
This wondrous city is a utopia free of all problems Cupertino
0%
What they're doing is very smart, but also very _____ Dangerous
0%
A TikToker known for his loving nature and funny videos Darius
0%
If you have a bunch of these in your mouth while played Blox Fruits, it's clear you are an expert in _____ Dark Mango Psychology
0%
This is someone who taught Roddy Ricch how to chase the bag and was lost Dawg
0%
This is what you become if you lose the ability to do the above Degloved
0%
The phrase that precedes the abive Dekubopdumnem
0%
Someone with...uhh...EDP-like behavior Diddy Blud
0%
The above also sang this lyrical work of art Doi doi doi
0%
A diaper-clad version of a certain yellow delinquent often mispronounces his father's name as this Domer
0%
A certain hematophage voiced by Adam Sandler, while mocking his son-in-law, described him as this Dudeman
0%
This is the name of a certain caffeinated drink spelled backwards Eeffoc
0%
This creation combines the face of a certain Miami vigilante's crude coworker and an ellipsoid shape Eggsuka
0%
We just got _____! Eight Free Pizzas
0%
The phrase used to describe photoshop edits of a dude with red dreadlocks Eye of Rah
0%
An Afghan-Australian senator who delivered a brainrot speech in Parliament Fatima Payman
0%
Remember the dancing comedian? He is often photoshopped to dynamically partake in this high-intensity sport Football
0%
This fictional dad is actually a schizophrenic murderer Frank Heffley
0%
This is what the mother of comedian Christopher Rock ate Fries
0%
If you would just get up and teach them instead of handing them a _____ Friggin Packet Yo
0%
This online parody web-series with plant-based stars has been described as the above Fruit Love Island
0%
This phrase is well-known amongst Baltimore barbers Futuluhtoogan/Jittleyang
0%
41 but I got 41 _____ Gold
0%
The term used to describe the above's activities Goofy Ahh
0%
This TikToker never fails to flame the newest brainrot Gothic
0%
This word, containing controversial baggage, refers to low-quality media, food, or any other phenomena Goyslop
0%
The devastating event that occured during March 2025 regarding brainrot Great Meme Depression
0%
This is what the above event refers to Great Meme Rush
0%
There is a greenscreen of a character from this well known horror game telling you to like and subscribe Hello Neighbor
0%
A scene in this movie was edited, as to make the main character shake his head to a cacophonous tune Home Alone
0%
This fictional "superhero" puffing out his cheeks is most often accompanied by the phrase "long year" Homelander
0%
This anime-inspired cartoon dad is accompanied with the phrase "Boi this is so tuff!" Homer Uchiha
0%
This TikTok account explains the latest advancements in brainrot with wit and charm Hoopify
0%
The phrase said when Mr. Washee Washee from Family Guy appears on one's screen How Do I Get Him Off?
0%
This rather crude drawing of a woman was created by her daughter Hyperpigmentation
0%
Another annoying phrase; It was originally said by the son of the 45th and 47th president of the United States I Like My Sootcase
0%
This oddly dressed fellow is known to terrorize New York City Jay Guapo
0%
The competitive minigame found on a...uhh....inappropriate website Jerkmate Ranked
0%
This form should never be filled out...ever Job Application
0%
This is something that you should never do in class, as said by black Bart Simpson Jugg
0%
This demeaning phrase is telling someone to stop blabbering Just Put My Fries In The Bag
0%
This given name refers to something of poor quality Kevin
0%
This Sisyphean machine is what you might turn into through carelessness or just bad luck Khaby Lame Mechanism
0%
I was the _____ in your movie Knight in Shining Armor
0%
These legends were once well loved for their lightskin stares Kumalala/Savesta
0%
This keychain has become a symbol of consumerism Labubu
0%
This is a new and creative word used to refer to what regular people call "memes" Laughables
0%
"Four score and severed your soul ago" is a phrase one might hear after choosing to mess with _____ Lincoln Virus
0%
You can avoid the above by _____ Locking In
0%
The emotional and impactful musical masterpiece sung by 24GH Lovely Sad
0%
This American streamer is known for telling trolls to end themselves, abandoning his daughter, and his hard outfits Low Tier God
0%
This is the name of the archetype that describes said kids Mason
0%
Friend of the above; He is a monkey who wears a red sweater Max Design Pro
0%
This is who the youngest Huang brother jokingly claimed to be MC Hammer
0%
The original brainrot that was popular during the early 2010s MLG/YTP
0%
This infantile, melanated hero has saved us all on numerous occassions Montgomery Swizzenbocher III
0%
This American rapper has been known to sing opera with laser eyes and fire effects NBA Youngboy
0%
Since September 2025, new memes have started to be less funny; To stop this, people are trying to keep new memes _____ Niche
0%
On the other hand, this given name refers to something that is tuff Owen
0%
This YouTuber brutally humbles anyone who accepts his Discord calls PACKGOD
0%
The just as devious sidekick of the above Pink Cardigan
0%
This annoying phrase refers to silly squash Pumpkin
0%
If you see me on in _____, say hi Quahog
0%
A Barbershop Haircut that costs a _____ Quarter
0%
Speaking of old, I've been _____ of old, the legends and the myths Reading books
0%
A certain caveman commits horrible atrocities because they _____ Rhyme with Grug
0%
This scientist and terrible grandfather laughs in the face of society Rick Sanchez
0%
And this is who his son called when the notorious Conquest attacked Sea Salt
0%
And this is what the term means Shut Your Bitch Ass Up
0%
This wacky, bizarre bird-like creature always finds himself in strange situations Skebob
0%
This is what you should never do around the lion Speak
0%
This profane phrase is what SDIYBT stands for Start Digging In Your Butt Twin
0%
This bespectacled man can be found introducing himself and looking for someone by the name of Fifi Steven
0%
This is another name for the pink cartoon starfish who lives under a rock Subaru
0%
However, it's obvious that these rodents absolutely crush both of them Talented Mice
0%
You may be able to acquire above here Thompson's Cutz and Design
0%
This phrase is used alongside an overedited Trollface Those Who know
0%
Vexbolts, Friutsnacks, and Cookie King are all heroes to the _________ Unemployed
0%
This furry fiend holds a pocket watch and points to it White Rabbit
0%
The term for improving one's health and productivity at the end at the year Winter Arc
0%
If you hear a disembodied head with glowing white eyes singing this chant, you might be done for Wish I Knew
0%
The term for possessing it W Rizz
0%
But even the man above was no match for the ferocious hoodlums known as _____ YNs
0%
No matching quizzes found
Score Distribution
Percent of People with Each Score
Percentile by Number Answered
Your Score History
You have not taken this quiz since the last reset